[Event "London Classic Open 2014"]
[Site "London ENG"]
[Date "2014.12.08"]
[Round "1.49"]
[White "Slade, Theodore"]
[Black "Fernandez, Michael"]
[Result "0-1"]
[BlackTitle "FM"]
[WhiteElo "1869"]
[BlackElo "2301"]
[WhiteFideId "426547"]
[BlackFideId "5803560"]
[EventDate "2014.12.08"]

1. e4 c5 2. Nf3 d6 3. d4 cxd4 4. Nxd4 Nf6 5. f3 g6 6. c4 Bg7 7. Nc3 O-O 8. Be3
a6 9. Be2 Nc6 10. O-O Nxd4 11. Bxd4 Qa5 12. Nd5 Nxd5 13. exd5 e5 14. Be3 b5 15.
Qd2 Qxd2 16. Bxd2 bxc4 17. Bb4 Rd8 18. Ba5 Re8 19. Bxc4 Bb7 20. Rac1 Bh6 21. Rc2
Be3+ 22. Kh1 Rac8 23. Re1 Bd4 24. Rec1 Be3 25. Re1 Bg5 26. Ree2 f5 27. Bb3 Rxc2
28. Rxc2 e4 29. fxe4 fxe4 30. Rc7 Bd8 31. Rxb7 Bxa5 32. Bc4 e3 33. Be2 Rc8 34.
g3 Rc2 35. Bd3 e2 36. Bxe2 Rxe2 37. b4 Bd8 38. Rd7 Bg5 39. a4 Ra2 40. a5 Bd2 41.
Rxd6 Bxb4 42. Rxa6 Rxa5 43. Rb6 Bf8 44. d6 Rd5 45. Kg2 Rxd6 46. Rb7 Rf6 47. h4
Rf7 48. Rb5 Kg7 49. h5 Kh6 50. hxg6 hxg6 51. g4 Be7 52. Kg3 Bg5 53. Ra5 Re7 54.
Rb5 Re3+ 55. Kf2 Bf4 56. Rb4 Kg5 57. Rb6 Rd3 58. Ke2 Rd6 59. Rb3 Kxg4 60. Kf2
Rd2+ 61. Kg1 g5 62. Ra3 Bg3 63. Kf1 Kh3 64. Ra8 g4 65. Ra6 Rf2+ 66. Kg1 Re2 67.
Rh6+ Bh4 68. Rxh4+ Kxh4 0-1

[Event "London Classic Open 2014"]
[Site "London ENG"]
[Date "2014.12.08"]
[Round "1.50"]
[White "Haugli, Petter"]
[Black "Rygg, Snorre"]
[Result "1-0"]
[WhiteTitle "IM"]
[WhiteElo "2283"]
[BlackElo "1865"]
[WhiteFideId "1500104"]
[BlackFideId "1516035"]
[EventDate "2014.12.08"]

1. e4 c5 2. Nf3 d6 3. Bb5+ Bd7 4. Bxd7+ Qxd7 5. O-O e6 6. c3 Nf6 7. Qe2 Be7 8.
d4 O-O 9. e5 dxe5 10. dxe5 Nd5 11. c4 Nb6 12. Rd1 Qc7 13. Nc3 a6 14. Bf4 Nc6 15.
b3 Rfd8 16. Ne4 Rxd1+ 17. Rxd1 Rd8 18. Rxd8+ Qxd8 19. Nd6 Bxd6 20. exd6 Nd7 21.
Qd2 Qf6 22. h3 e5 23. Bg3 Qe6 24. Qd5 Qf5 25. Nd2 Qc2 26. Ne4 Qxa2 27. Nxc5 Nxc5
28. Qxc5 Qxb3 29. Bxe5 a5 30. Qd5 Qb6 31. c5 Qd8 32. Bb2 Qe8 33. Qg5 Qf8 34. Qg4
h6 35. Bc3 Kh7 36. Qd7 1-0

[Event "London Classic Open 2014"]
[Site "London ENG"]
[Date "2014.12.08"]
[Round "1.51"]
[White "Peck, Silas"]
[Black "Mihajlov, Sebastian"]
[Result "0-1"]
[BlackTitle "FM"]
[WhiteElo "1862"]
[BlackElo "2278"]
[WhiteFideId "432865"]
[BlackFideId "1512110"]
[EventDate "2014.12.08"]

1. e4 e5 2. Nf3 Nc6 3. Bc4 Bc5 4. O-O Nf6 5. d4 exd4 6. e5 d5 7. exf6 dxc4 8.
fxg7 Rg8 9. Bg5 Be7 10. Bxe7 Kxe7 11. Nbd2 Qd5 12. Ne4 Be6 13. Re1 Rxg7 14. Qe2
Rag8 15. Ng3 Kd7 16. Rad1 Kc8 17. Qe4 Qxe4 18. Rxe4 Bd5 19. Rf4 Rg4 20. Rxg4
Rxg4 21. h3 Bxf3 22. gxf3 Rg5 23. Kf1 Ra5 24. a3 c3 25. bxc3 dxc3 26. Ra1 b5 27.
Rb1 Nd4 28. Ne4 Rxa3 29. Rd1 Nxc2 30. Rc1 Nd4 31. Nxc3 Kb7 32. Ne4 c6 33. Nd6+
Kb6 34. Nxf7 b4 35. Ne5 Kb5 36. Nc4 Ra2 37. Nd6+ Kb6 38. Nc4+ Ka6 39. Rb1 b3 40.
f4 Kb5 41. Nb2 a5 42. Nd1 Kb4 43. Kg2 a4 44. Kg3 a3 45. Kg4 b2 46. f5 Kb3 47. f6
Ra1 48. f7 Ne6 49. Kf5 Nf8 0-1

[Event "London Classic Open 2014"]
[Site "London ENG"]
[Date "2014.12.08"]
[Round "1.52"]
[White "Fernandez Aransay, Fernando"]
[Black "Constantinou, Peter"]
[Result "0-1"]
[BlackTitle "FM"]
[WhiteElo "1861"]
[BlackElo "2276"]
[WhiteFideId "2216280"]
[BlackFideId "413038"]
[EventDate "2014.12.08"]

1. e4 g6 2. d4 Bg7 3. Nc3 c6 4. Nge2 d5 5. f3 dxe4 6. fxe4 Qb6 7. Bf4 Qxb2 8.
Rb1 Qa3 9. Bc7 b6 10. Rb3 Qa6 11. d5 Qb7 12. d6 Na6 13. Nd4 Nxc7 14. dxc7 Bd7
15. Be2 Qxc7 16. O-O Nf6 17. Bf3 O-O 18. Kh1 Rad8 19. Qe1 Ng4 20. Bxg4 Bxg4 21.
Nf3 Be6 22. Rb1 Bc4 23. Rf2 b5 24. Ne2 Bxa2 25. Ng5 Bxb1 26. Qxb1 Qe5 0-1

[Event "London Classic Open 2014"]
[Site "London ENG"]
[Date "2014.12.08"]
[Round "1.53"]
[White "Prosviriakov, Vladimir"]
[Black "Haridas, Girinath"]
[Result "1-0"]
[WhiteTitle "IM"]
[WhiteElo "2271"]
[BlackElo "1856"]
[WhiteFideId "2004860"]
[BlackFideId "427144"]
[EventDate "2014.12.08"]

1. e4 c5 2. Nc3 Nc6 3. g3 g6 4. Bg2 Bg7 5. d3 d6 6. f4 Rb8 7. Nf3 b5 8. e5 d5 9.
O-O e6 10. Ne2 Nge7 11. c3 Bd7 12. Be3 c4 13. Bc5 Rc8 14. d4 Nf5 15. Qd2 h5 16.
b4 Bf8 17. Bh3 Bxc5 18. dxc5 a5 19. Bxf5 gxf5 20. a4 Ne7 21. axb5 axb4 22. c6
Bxc6 23. bxc6 Nxc6 24. cxb4 Qb6+ 25. Kh1 Qxb4 26. Qxb4 Nxb4 27. Ra7 O-O 28. Nfd4
Rfd8 29. Rb1 Nc6 30. Nxc6 Rxc6 31. Nd4 Rc5 32. Rbb7 c3 33. Rxf7 c2 34. Rg7+ Kh8
35. Rh7+ Kg8 36. Rag7+ Kf8 37. Nxe6+ 1-0

[Event "London Classic Open 2014"]
[Site "London ENG"]
[Date "2014.12.08"]
[Round "1.54"]
[White "Machlik, Jon"]
[Black "Coleman, David J"]
[Result "0-1"]
[BlackTitle "CM"]
[WhiteElo "1852"]
[BlackElo "2253"]
[WhiteFideId "1513613"]
[BlackFideId "402087"]
[EventDate "2014.12.08"]

1. e4 d5 2. exd5 Qxd5 3. d4 Nc6 4. Be3 e5 5. c4 Bb4+ 6. Nc3 Qd6 7. d5 Nce7 8.
Bd3 c6 9. Qb3 cxd5 10. cxd5 Nf6 11. Bb5+ Bd7 12. Bxd7+ Nxd7 13. Ne2 f5 14. O-O
Bxc3 15. Nxc3 a6 16. f3 O-O 17. Rac1 Kh8 18. Rfd1 Rfc8 19. Qc2 b5 20. a3 Rc4 21.
Qe2 Rac8 22. a4 bxa4 23. Ne4 Qb4 24. Rxc4 Qxc4 25. Qxc4 Rxc4 26. Nd6 Rc2 27. Bg5
Ng6 28. Nxf5 Rxb2 29. Ra1 Rb4 30. d6 Kg8 31. Kf2 Kf7 32. Ra2 Nf4 33. Rc2 a3 34.
Rc7 Rb2+ 35. Kf1 a2 0-1

[Event "London Classic Open 2014"]
[Site "London ENG"]
[Date "2014.12.08"]
[Round "1.55"]
[White "Dale, Ari"]
[Black "Anbukumar, Hajane"]
[Result "1-0"]
[WhiteTitle "IM"]
[WhiteElo "2252"]
[BlackElo "1845"]
[WhiteFideId "3213145"]
[BlackFideId "428647"]
[EventDate "2014.12.08"]

1. d4 f5 2. Bg5 g6 3. e3 Bg7 4. h4 d6 5. Nf3 h6 6. Bf4 c6 7. Nbd2 Nd7 8. Bh2
Ngf6 9. Bd3 Ng4 10. Qe2 Nxh2 11. Nxh2 e5 12. e4 f4 13. Nhf3 Qf6 14. d5 cxd5 15.
exd5 a6 16. Ne4 Qe7 17. Nfd2 b5 18. a4 Nb6 19. Bxb5+ Bd7 20. Bxd7+ Qxd7 21. Qd3
Nxa4 22. Nxd6+ Qxd6 23. Rxa4 O-O 24. Ne4 Qb6 25. b3 Rfd8 26. O-O Rf8 27. Rfa1
Qd8 28. Rxa6 Rxa6 29. Rxa6 Qxh4 30. Qh3 Qxh3 31. gxh3 Rc8 32. c4 g5 33. c5 Bf8
34. d6 Rd8 35. d7 Kf7 36. c6 Ke7 37. c7 1-0

[Event "London Classic Open 2014"]
[Site "London ENG"]
[Date "2014.12.08"]
[Round "1.56"]
[White "Kalerwa, Edwin M"]
[Black "Roe, Simon J"]
[Result "0-1"]
[WhiteElo "1840"]
[BlackElo "2240"]
[WhiteFideId "422223"]
[BlackFideId "401471"]
[EventDate "2014.12.08"]

1. c4 Nf6 2. d4 e6 3. g3 c5 4. d5 exd5 5. cxd5 d6 6. Bg2 g6 7. Nc3 Bg7 8. Nf3
O-O 9. O-O Re8 10. Nd2 a6 11. a4 Nbd7 12. e4 Ne5 13. h3 Rb8 14. f4 Nd3 15. Nc4
Nxc1 16. Qxc1 b5 17. axb5 axb5 18. Na5 Ra8 19. Nc6 Rxa1 20. Qxa1 Qb6 21. e5 Nh5
22. Ne4 dxe5 23. fxe5 Bxe5 24. Nxe5 Rxe5 25. g4 c4+ 26. Kh2 Rxe4 27. Bxe4 Qc7+
28. Kg1 Ng3 29. Qe1 Nxf1 30. Kxf1 Qf4+ 31. Kg1 Qe5 32. Qe2 Bb7 33. d6 Qd4+ 34.
Qf2 Qxe4 35. Kh2 Qe5+ 36. Qg3 Qxg3+ 37. Kxg3 Bc6 38. g5 b4 39. Kf4 c3 40. bxc3
b3 0-1

[Event "London Classic Open 2014"]
[Site "London ENG"]
[Date "2014.12.08"]
[Round "1.57"]
[White "Semprun Martinez, Fernando"]
[Black "Barasi, Paul Dl"]
[Result "1-0"]
[WhiteElo "2239"]
[BlackElo "1836"]
[WhiteFideId "2203170"]
[BlackFideId "432830"]
[EventDate "2014.12.08"]

1. e4 c5 2. Nf3 a6 3. c3 g6 4. d4 cxd4 5. cxd4 d5 6. e5 Nc6 7. Be2 Bg4 8. O-O
Nh6 9. Nbd2 Nf5 10. Nb3 Bg7 11. h3 Bxf3 12. Bxf3 h5 13. Bg5 Qb6 14. Bxd5 Ncxd4
15. Nxd4 Nxd4 16. Qa4+ Nc6 17. e6 f5 18. Rac1 Rc8 19. Rc2 O-O 20. Rfc1 Bxb2 21.
Rb1 Qd4 22. Qxd4 Bxd4 23. Rxb7 Ne5 24. Rxc8 Rxc8 25. Rxe7 Nd3 26. Rc7 Rb8 27.
e7+ Kh8 28. Bb7 Nxf2 29. Rc8+ Rxc8 30. Bxc8 Ne4+ 31. Kf1 Nd6 32. Bd7 Bc5 33. Bf4
Ne8 34. Bxe8 Bxe7 35. Bxg6 1-0

[Event "London Classic Open 2014"]
[Site "London ENG"]
[Date "2014.12.08"]
[Round "1.58"]
[White "Nordstrom, Hakon N"]
[Black "Britton, Richard L"]
[Result "0-1"]
[BlackTitle "FM"]
[WhiteElo "1836"]
[BlackElo "2230"]
[WhiteFideId "1513710"]
[BlackFideId "401692"]
[EventDate "2014.12.08"]

1. e4 c5 2. Nf3 d6 3. d4 cxd4 4. Nxd4 Nf6 5. Nc3 a6 6. Bg5 e6 7. f4 Nbd7 8. Qf3
Qc7 9. O-O-O b5 10. e5 Bb7 11. Ndxb5 axb5 12. Nxb5 Qb6 13. Rxd6 Qxb5 14. Qh3 Qa5
15. Rxe6+ fxe6 16. Qxe6+ Be7 17. exf6 gxf6 18. Bc4 O-O-O 19. Qxe7 Rhe8 0-1

[Event "London Classic Open 2014"]
[Site "London ENG"]
[Date "2014.12.08"]
[Round "1.59"]
[White "Farkas, Lajos Dr."]
[Black "Dror, Levi"]
[Result "1-0"]
[WhiteElo "2219"]
[BlackElo "1824"]
[WhiteFideId "711390"]
[BlackFideId "2809583"]
[EventDate "2014.12.08"]

1. d4 Nf6 2. c4 g6 3. Nc3 Bg7 4. e4 d6 5. Be2 O-O 6. Nf3 e5 7. O-O Nc6 8. d5 Ne7
9. Ne1 Ne8 10. Be3 f5 11. f3 a5 12. c5 f4 13. Bf2 g5 14. Rc1 Rf6 15. cxd6 cxd6
16. Qb3 Ng6 17. Bb6 Qe7 18. Nb5 a4 19. Qb4 Bd7 20. Nd3 h5 21. Nc7 Rc8 22. Nxe8
Qxe8 23. Rxc8 Bxc8 24. Nf2 Nh4 25. Rc1 Rg6 26. Rc7 g4 27. Bb5 Qf8 28. Qc3 1-0

[Event "London Classic Open 2014"]
[Site "London ENG"]
[Date "2014.12.08"]
[Round "1.60"]
[White "Brozel, Sacha"]
[Black "Bukojemski, Adam"]
[Result "0-1"]
[WhiteElo "1822"]
[BlackElo "2214"]
[WhiteFideId "429317"]
[BlackFideId "1114620"]
[EventDate "2014.12.08"]

1. c4 e5 2. g3 c6 3. d4 e4 4. d5 d6 5. Nc3 f5 6. Bg2 Nf6 7. Nh3 Be7 8. Nf4 g5 9.
Nh3 h6 10. O-O Nbd7 11. f3 exf3 12. exf3 Ne5 13. f4 Qb6+ 14. Kh1 gxf4 15. Nxf4
Bd7 16. Qe2 Nfg4 17. a4 a5 18. dxc6 bxc6 19. h3 h5 20. Re1 Qf2 21. Qxf2 Nxf2+
22. Kg1 Nfd3 23. Nxd3 Nxd3 24. Re2 Nxc1 25. Rxc1 Kf7 26. Rf1 Rag8 27. Re3 Bf6
28. Rd1 Be7 29. Kf1 Rb8 30. Re2 h4 31. Rde1 Bf8 32. Kf2 hxg3+ 33. Kxg3 Rb4 34.
Rf2 Rxc4 35. Be4 Be7 36. Rf4 Bg5 37. Ref1 Bxf4+ 38. Rxf4 d5 39. Bc2 Rxh3+ 40.
Kxh3 Rxf4 41. Kg3 Rb4 42. b3 Kf6 43. Kf3 Ke5 44. Ne2 Rh4 45. Kg3 Rh8 46. Kf3
Rh3+ 47. Kg2 f4 48. Ng1 Rc3 49. Bd1 Rc1 50. Bf3 Rb1 0-1

[Event "London Classic Open 2014"]
[Site "London ENG"]
[Date "2014.12.08"]
[Round "1.61"]
[White "Guthrie, David"]
[Black "Viudes Serra, Aaron"]
[Result "1-0"]
[WhiteElo "2209"]
[BlackElo "1818"]
[WhiteFideId "4300505"]
[BlackFideId "2247658"]
[EventDate "2014.12.08"]

1. d4 Nf6 2. c4 c5 3. d5 d6 4. Nc3 g6 5. e4 Bg7 6. Bd3 O-O 7. h3 Nbd7 8. Nf3 Rb8
9. O-O a6 10. a4 Ne8 11. Bf4 Nc7 12. Re1 Ne5 13. Nxe5 dxe5 14. Be3 Qd6 15. a5
Bd7 16. Na4 Bxa4 17. Qxa4 b5 18. axb6 Rxb6 19. Qa5 Rxb2 20. Bxc5 Qd7 21. Reb1
Rfb8 22. Rxb2 Rxb2 23. Ba3 Rb3 24. Bc2 Rb7 25. c5 Rb5 26. Qa4 Nxd5 27. exd5 Qxd5
28. Qxa6 Qb7 29. Qxb7 Rxb7 30. Be4 Rc7 31. c6 Bf8 32. Bc5 1-0

[Event "London Classic Open 2014"]
[Site "London ENG"]
[Date "2014.12.08"]
[Round "1.62"]
[White "Terzo, Andrea"]
[Black "Stigar, Petter"]
[Result "1/2-1/2"]
[BlackTitle "FM"]
[WhiteElo "1809"]
[BlackElo "2194"]
[WhiteFideId "897353"]
[BlackFideId "1500341"]
[EventDate "2014.12.08"]

1. d4 d5 2. c4 dxc4 3. Nc3 a6 4. e3 e6 5. Bxc4 Nf6 6. Nf3 c5 7. O-O b5 8. Bd3
cxd4 9. exd4 Bb7 10. Bg5 Be7 11. Ne5 Nc6 12. Bxf6 gxf6 13. Nf3 Nb4 14. Be4 Bxe4
15. Nxe4 Qd5 16. Nc3 Qf5 17. a4 O-O 18. axb5 axb5 19. d5 Rxa1 20. Qxa1 Nxd5 21.
Nd4 Qg5 22. Ndxb5 Nf4 23. g3 Ne2+ 1/2-1/2

[Event "London Classic Open 2014"]
[Site "London ENG"]
[Date "2014.12.08"]
[Round "1.63"]
[White "Ilfeld, Etan"]
[Black "Kebbedies, Frank"]
[Result "1-0"]
[WhiteElo "2192"]
[BlackElo "1803"]
[WhiteFideId "2803470"]
[BlackFideId "24606944"]
[EventDate "2014.12.08"]

1. e4 e6 2. d4 d5 3. e5 c5 4. c3 Qb6 5. Nf3 Nc6 6. Be2 Bd7 7. a3 Rc8 8. O-O Be7
9. b4 cxd4 10. cxd4 a6 11. Bb2 Na5 12. Nbd2 Nc4 13. Nxc4 dxc4 14. Rc1 a5 15. Nd2
axb4 16. Nxc4 Qa7 17. axb4 Nh6 18. Ra1 Qb8 19. Nb6 1-0

[Event "London Classic Open 2014"]
[Site "London ENG"]
[Date "2014.12.08"]
[Round "1.64"]
[White "De Lagontrie, Jean"]
[Black "Sathyanandha, Saravanan"]
[Result "0-1"]
[WhiteElo "1802"]
[BlackElo "2190"]
[WhiteFideId "605271"]
[BlackFideId "470929"]
[EventDate "2014.12.08"]

1. d4 Nf6 2. c4 e6 3. Nc3 Bb4 4. e3 O-O 5. Ne2 d5 6. a3 Be7 7. cxd5 exd5 8. b4
c6 9. Ng3 Re8 10. Bd3 Nbd7 11. O-O Bd6 12. Re1 Nf8 13. f3 Bxg3 14. hxg3 Qd6 15.
Kf2 Nh5 16. Ne2 f5 17. Rh1 Nf6 18. Bd2 a6 19. Qb1 g6 20. Qb3 Be6 21. Rac1 N8d7
22. Rc3 Nb6 23. Nf4 Bf7 24. Be2 g5 25. Nh3 h6 26. Ng1 Kg7 27. Bd1 Nc4 28. Bc1 b5
29. Bc2 Bg6 30. Qb1 Rf8 31. Ne2 Qe6 32. g4 Ne4+ 33. Bxe4 fxe4 34. f4 Qxg4 35.
Rxc4 bxc4 36. Qc2 gxf4 37. Nxf4 Rxf4+ 0-1

[Event "London Classic Open 2014"]
[Site "London ENG"]
[Date "2014.12.08"]
[Round "1.65"]
[White "Bates, Caspar J"]
[Black "Klingher, Dominic"]
[Result "1/2-1/2"]
[WhiteElo "2185"]
[BlackElo "1799"]
[WhiteFideId "414760"]
[BlackFideId "428850"]
[EventDate "2014.12.08"]

1. d4 d5 2. e3 Nf6 3. c4 e6 4. Nf3 Bb4+ 5. Nc3 O-O 6. a3 Bxc3+ 7. bxc3 b6 8.
cxd5 exd5 9. Bd3 Bb7 10. O-O Nbd7 11. a4 Ne4 12. Ba3 Re8 13. Rc1 Ndf6 14. Ne5 a6
15. c4 Nd6 16. cxd5 Bxd5 17. Nc6 Qd7 18. Qc2 Bxg2 19. Kxg2 Qg4+ 1/2-1/2

[Event "London Classic Open 2014"]
[Site "London ENG"]
[Date "2014.12.08"]
[Round "1.66"]
[White "Quinn, John M"]
[Black "Willmoth, Robert F"]
[Result "1-0"]
[WhiteElo "2131"]
[BlackElo "2182"]
[WhiteFideId "405043"]
[BlackFideId "402540"]
[EventDate "2014.12.08"]

1. d4 d6 2. Nf3 Bg4 3. c4 Nd7 4. Qb3 Rb8 5. h3 Bxf3 6. Qxf3 g6 7. Nc3 Bg7 8. e3
Ngf6 9. Bd3 c5 10. O-O O-O 11. Bc2 a6 12. a4 Qc7 13. d5 e6 14. Qe2 exd5 15. cxd5
Rfe8 16. a5 Re7 17. Rd1 Ra8 18. f4 Rae8 19. Kh2 h6 20. Qf3 b5 21. axb6 Qxb6 22.
Ra4 Qb7 23. e4 Nb6 24. Ra2 Nfd7 25. e5 dxe5 26. f5 Nf6 27. Ne4 Rf8 28. Nxf6+
Bxf6 29. Be4 Ree8 30. Bxh6 Nc4 31. d6 Qb6 32. Bxf8 Rxf8 33. fxg6 fxg6 34. Bd5+
Kg7 35. Bxc4 e4 36. Qxe4 Qd8 37. Rxa6 Re8 38. Ra7+ Kh6 39. Qf4+ Bg5 40. Qf7 Rh8
41. Qg7+ Kh5 42. Qe5 Kh6 43. Rf7 Re8 44. Qg7+ Kh5 45. g4+ Kh4 46. Qh7+ Bh6 47.
Qxh6# 1-0

[Event "London Classic Open 2014"]
[Site "London ENG"]
[Date "2014.12.08"]
[Round "1.67"]
[White "Mihajlov, Svetoslav"]
[Black "Parry, Jacques"]
[Result "1-0"]
[WhiteElo "2181"]
[BlackElo "1783"]
[WhiteFideId "1507168"]
[BlackFideId "425923"]
[EventDate "2014.12.08"]

1. e4 c5 2. Nf3 e6 3. d4 cxd4 4. Nxd4 Nf6 5. Nc3 Nc6 6. Ndb5 Bb4 7. a3 Bxc3+ 8.
Nxc3 d5 9. exd5 Nxd5 10. Ne4 O-O 11. Bg5 Qc7 12. Bd3 f6 13. Bd2 Qe7 14. O-O Ne5
15. Be2 Rd8 16. Qc1 Nf7 17. c4 Nc7 18. Bb4 Qe8 19. Bh5 Qc6 20. Bf3 Qe8 21. Rd1
Rb8 22. Qe3 b6 23. Bh5 Rxd1+ 24. Rxd1 Qc6 25. Nxf6+ gxf6 26. Qg3+ Kh8 27. Bxf7
Bb7 28. Be7 1-0

[Event "London Classic Open 2014"]
[Site "London ENG"]
[Date "2014.12.08"]
[Round "1.68"]
[White "Bin-Suhayl, Ieysaa"]
[Black "Lalic, Peter D"]
[Result "0-1"]
[WhiteElo "1777"]
[BlackElo "2180"]
[WhiteFideId "429031"]
[BlackFideId "416711"]
[EventDate "2014.12.08"]

1. Nf3 Nf6 2. c4 g6 3. Nc3 Bg7 4. d4 O-O 5. e3 d6 6. Be2 Nbd7 7. O-O Re8 8. Qc2
e5 9. b3 exd4 10. exd4 Nf8 11. Bb2 Bf5 12. Bd3 Bg4 13. Be2 Ne6 14. Nd1 Ng5 15.
Nxg5 Rxe2 16. Qc1 h6 17. Nc3 Re8 18. f3 hxg5 19. fxg4 Nxg4 20. Nd5 c6 21. Nb4
Re2 22. h3 Nh6 23. Re1 Qe7 24. Qd1 Re8 25. Rxe2 Qxe2 26. Qxe2 Rxe2 27. Bc3 Nf5
28. Rd1 c5 29. Nd5 cxd4 30. Bb4 Be5 0-1

[Event "London Classic Open 2014"]
[Site "London ENG"]
[Date "2014.12.08"]
[Round "1.69"]
[White "Osborne, Marcus E"]
[Black "Grey, Nicholas D"]
[Result "1-0"]
[WhiteElo "2176"]
[BlackElo "1766"]
[WhiteFideId "404608"]
[BlackFideId "415448"]
[EventDate "2014.12.08"]

1. d4 Nf6 2. Nf3 c5 3. d5 d6 4. Nc3 g6 5. e4 Bg7 6. Be2 O-O 7. O-O Na6 8. h3 Nc7
9. a4 a6 10. Re1 e6 11. dxe6 Nxe6 12. Be3 b6 13. Bc4 Re8 14. Ng5 Bb7 15. Nxe6
fxe6 16. Bf4 d5 17. exd5 exd5 18. Rxe8+ Qxe8 19. Nxd5 Kh8 20. Nxf6 Bxf6 21. Qd6
Bd4 22. Rd1 Qe4 23. Bf1 Re8 24. Bg5 Qf5 25. Rxd4 Qxg5 26. Rf4 Qd8 27. Rf6 Be4
28. Qxb6 Bxc2 29. Qxa6 Re1 30. Rd6 Qb8 31. Rd7 Qf8 32. Qa5 1-0

[Event "London Classic Open 2014"]
[Site "London ENG"]
[Date "2014.12.08"]
[Round "1.70"]
[White "Kumar, Shankar"]
[Black "Zoldan, Matteo"]
[Result "1/2-1/2"]
[BlackTitle "CM"]
[WhiteElo "1764"]
[BlackElo "2174"]
[WhiteFideId "15600149"]
[BlackFideId "805319"]
[EventDate "2014.12.08"]

1. d4 Nf6 2. Nf3 g6 3. c4 Bg7 4. Nc3 O-O 5. g3 d6 6. Bg2 Nbd7 7. O-O e5 8. e4 c6
9. h3 exd4 10. Nxd4 Qb6 11. Nb3 Ne5 12. Be3 Qb4 13. c5 Nc4 14. Bd4 Nxb2 15. Qc2
Be6 16. Qxb2 Bxb3 17. Ne2 dxc5 18. Bxf6 Bxf6 19. Qxf6 Bc4 20. Rfb1 Qd2 21. Rb2
Qd7 22. Nf4 Rfe8 23. Rab1 b5 24. e5 Rac8 25. h4 Rc7 26. Qd6 Qe7 27. Qxe7 Rexe7
28. Re1 1/2-1/2

[Event "London Classic Open 2014"]
[Site "London ENG"]
[Date "2014.12.08"]
[Round "1.71"]
[White "Wettasinha, Vasanta"]
[Black "Moore, Gerald"]
[Result "1-0"]
[WhiteElo "1761"]
[BlackElo "2169"]
[WhiteFideId "9904433"]
[BlackFideId "403440"]
[EventDate "2014.12.08"]

1. d4 g6 2. Nc3 Bg7 3. e4 d6 4. Nf3 a6 5. Bc4 e6 6. Bg5 Ne7 7. Qd2 h6 8. Be3 Nd7
9. O-O b6 10. h3 Bb7 11. Rad1 Nf6 12. e5 Nfd5 13. exd6 cxd6 14. Rfe1 Nxe3 15.
Qxe3 O-O 16. d5 e5 17. Qe2 Nf5 18. Ne4 Nd4 19. Nxd4 exd4 20. Nd2 b5 21. Bb3 Qb6
22. Nf3 a5 23. a3 Qc5 24. Qd3 Bxd5 25. Bxd5 Qxd5 26. Nxd4 b4 27. a4 Rfc8 28. Re2
Kh7 29. b3 Rc3 30. Qb5 Rc5 31. Qd3 Rac8 32. Nb5 Qxd3 33. cxd3 Rd5 34. d4 Kg8 35.
g3 Kf8 36. Kg2 Re8 37. Rxe8+ Kxe8 38. Nc7+ 1-0

[Event "London Classic Open 2014"]
[Site "London ENG"]
[Date "2014.12.08"]
[Round "1.72"]
[White "Okike, David"]
[Black "Chilton, James I"]
[Result "1-0"]
[WhiteElo "2169"]
[BlackElo "1763"]
[WhiteFideId "8500134"]
[BlackFideId "423009"]
[EventDate "2014.12.08"]

1. e4 c5 2. Nf3 e6 3. d4 cxd4 4. Nxd4 Nc6 5. Nc3 a6 6. f4 Bb4 7. Nxc6 Bxc3+ 8.
bxc3 dxc6 9. Ba3 Qxd1+ 10. Rxd1 Nf6 11. Bd3 b5 12. O-O Bb7 13. Rfe1 O-O-O 14.
Bb4 h5 15. Be7 Rdg8 16. c4 h4 17. a4 h3 18. g3 bxc4 19. Bxc4 c5 20. Rb1 Nd7 21.
Bd6 g5 22. f5 Rh6 23. fxe6 fxe6 24. e5 Rd8 25. Rf1 g4 26. Rf7 Rg6 27. Kf2 Rh8
28. Rxb7 Kxb7 29. Rxd7+ Kc8 30. Rc7+ Kd8 31. Ra7 Rh5 32. Bxa6 Rf5+ 33. Ke2 Rgg5
34. Ra8+ Kd7 35. Bb5# 1-0

[Event "London Classic Open 2014"]
[Site "London ENG"]
[Date "2014.12.08"]
[Round "1.73"]
[White "Miu, Marinel"]
[Black "Marzano, Carlo"]
[Result "0-1"]
[WhiteElo "1743"]
[BlackElo "2166"]
[WhiteFideId "1220691"]
[BlackFideId "802980"]
[EventDate "2014.12.08"]

1. e3 d5 2. d4 Nf6 3. Bd3 Bg4 4. f3 Bh5 5. c4 c6 6. Qb3 Qc7 7. Nc3 e6 8. Nge2
Bg6 9. e4 Nbd7 10. Bf4 Qb6 11. Qc2 dxe4 12. fxe4 e5 13. Be3 Ng4 14. Bg1 exd4 15.
Nxd4 Bc5 16. Na4 Qa5+ 17. Kf1 Bd6 18. h3 Nge5 19. Be2 O-O 20. Nf5 Bxf5 21. exf5
Rad8 22. a3 b5 23. cxb5 cxb5 24. Nc5 Nxc5 25. Bxc5 b4 26. Bxd6 Rxd6 27. a4 Nc6
28. Bg4 Nd4 29. Qe4 Nb3 30. Kf2 Rd2+ 31. Kg3 Qc7+ 32. Kh4 Qd8+ 33. Kg3 Qd6+ 34.
Kh4 Rd3 35. Bf3 Rd4 36. Rad1 Rxe4+ 0-1

[Event "London Classic Open 2014"]
[Site "London ENG"]
[Date "2014.12.08"]
[Round "1.74"]
[White "Orgler, Philipp"]
[Black "Altman, Joshua"]
[Result "1/2-1/2"]
[BlackTitle "CM"]
[WhiteElo "2165"]
[BlackElo "1723"]
[WhiteFideId "1604236"]
[BlackFideId "426210"]
[EventDate "2014.12.08"]

1. d4 Nf6 2. Nc3 d5 3. Bg5 Bf5 4. Bxf6 gxf6 5. e3 e6 6. Nge2 c5 7. Ng3 Bg6 8.
Bd3 Nc6 9. Bxg6 hxg6 10. O-O Qb6 11. Na4 Qa5 12. Nxc5 Bxc5 13. dxc5 Qxc5 14. Qf3
f5 15. Rfc1 O-O-O 16. a3 Qb6 17. c4 d4 18. b4 dxe3 19. fxe3 Ne5 20. Qe2 Qd6 21.
Rd1 Qe7 22. Nf1 Kb8 23. Rd4 Nc6 24. Rxd8+ Rxd8 25. Rd1 Rd7 26. Rxd7 Qxd7 27. Qc2
Qd6 28. b5 Ne5 29. c5 Qd5 30. Qc3 f6 31. a4 Qd3 32. Qb4 Qc4 33. Qd2 Qd3 34. Qa5
Qd5 35. Qb4 Qc4 36. Qd2 Qd3 37. Qb2 Kc8 38. Qb4 Qc4 39. Qa3 Qd3 40. Qb4 Qc4 1/2-1/2